UBT Library

Encyclopedia of 20th-century American humor / (Record no. 43391)

000 -LEADER
fixed length control field 00912cam a2200253 a 4500
001 - CONTROL NUMBER
control field 11784411
005 - DATE AND TIME OF LATEST TRANSACTION
control field 20180226033317.0
008 - FIXED-LENGTH DATA ELEMENTS--GENERAL INFORMATION
fixed length control field 990903s2000 azua be 001 0 eng
010 ## - LIBRARY OF CONGRESS CONTROL NUMBER
LC control number 99047257
020 ## - INTERNATIONAL STANDARD BOOK NUMBER
International Standard Book Number 1573562181 (alk. paper)
040 ## - CATALOGING SOURCE
Original cataloging agency DLC
Transcribing agency DLC
Modifying agency DLC
041 ## - LANGUAGE CODE
Language code of text/sound track or separate title eng
043 ## - GEOGRAPHIC AREA CODE
Geographic area code n-us---
080 ## - UNIVERSAL DECIMAL CLASSIFICATION NUMBER
Universal Decimal Classification number 817.503 NIL
082 00 - DEWEY DECIMAL CLASSIFICATION NUMBER
Classification number 817.503 NIL
Edition number 21
100 1# - Rafti
Rafti 23
101 ## - Shkurtesa
Shkurtesa ENC
245 10 - TITLE STATEMENT
Title Encyclopedia of 20th-century American humor /
Statement of responsibility, etc Alleen Pace Nilsen and Don L.F. Nilsen.
246 3# - VARYING FORM OF TITLE
Title proper/short title Encyclopedia of twentieth century American humor
504 ## - BIBLIOGRAPHY, ETC. NOTE
Bibliography, etc Includes bibliographical references (p. 311-331) and index.
906 ## - LOCAL DATA ELEMENT F, LDF (RLIN)
a 7
b cbc
c orignew
d 1
e ocip
f 19
g y-gencatlg
942 ## - ADDED ENTRY ELEMENTS (KOHA)
Source of classification or shelving scheme
Item type Books
Holdings
Withdrawn status Lost status Source of classification or shelving scheme Damaged status Not for loan Collection code Permanent location Current location Shelving location Date acquired Total Checkouts Full call number Barcode Date last seen Price effective from Koha item type
          Koleksioni i përgjithshem UBT - Lipjan UBT - Lipjan Koleksioni i përgjithshem 02/26/2018   817.503 NIL 002-2999530 02/26/2018 02/26/2018 Books
UBT Library © 2015-2024. All rights reserved University Education for Business and Technology